000 01109nam0a22002291i 4500
001 rc\361733
005 20240723200549.0
035 _a(NLR Aleph) 005592556
090 _a6227975
_c6227975
100 _a20030307d1989 u |0rusy50 ca
101 0 _arus
102 _aRU
105 _ay |||||||||
200 1 _aИзучение воздействия плазменных потоков аргона, неона, гелия на биологические ткани и механизма достижения окончательного гемостаза при оперативных вмешательствах на печени и селезенке
_e(Эксперим. исслед.)
_eАвтореф. дис. на соиск. учен. степ. канд. мед. наук
_e(14.00.27)
_fНИИ лазер. хирургии
210 _aМ.
_d1989
215 _a24 с.
320 _aБиблиогр.: с. 23-24 (10 назв.)
700 1 _aТартынский
_bС.И.
_gСергей Иванович
801 0 _aRU
_bNLR
_gpsbo
801 1 _aRU
_bELAR
_2rusmarc
852 _aNLR
_jА89/6119
942 _cBOOK